00760nam a2200229 a 4500008004100000020003200041040002500073041001300098044001100111080001200122100002500134245006900159250001300228260006500241300002800306490001900334700002700353700003100380958000600411999001700417952009600434951123s1983||||[C 0 slo c c18 Kčs. q(25000 výtl.) aSNKbslocSNKeAACR21 aslohslo axocSK a885.4-31 aDzvoník, Emil4aut10aTetanuscEmil Dzvoník ; Ján Krížik, Ladislav Borodáč a2., vyd. aBratislavabSlovenský spisovateľc1983eŽilinafPravda a351 s., 20,49 AHc20 cm0 aRetrovZv. 28.1 aKrížik, Ján4bkd1 aBorodáč, Ladislav4bkd aA c10318d10318 001040708Ka10000b10000d2019-11-29g18.00i09709oB 3890r2019-11-29w2019-11-29yKLDO